Labour relations : Heritage and adjustment (Record no. 1452528)

MARC details
000 -LEADER
fixed length control field 00554nam a2200205Ia 4500
005 - DATE AND TIME OF LATEST TRANSACTION
control field 20250923145530.0
008 - FIXED-LENGTH DATA ELEMENTS--GENERAL INFORMATION
fixed length control field 008 250917s9999 xx 000 0 eng d
037 ## - SOURCE OF ACQUISITION
Stock number Textual
040 ## - CATALOGING SOURCE
Original cataloging agency DSWL
Language of cataloging eng
Transcribing agency DSWL
041 ## - LANGUAGE CODE
Language code of text/sound track or separate title eng
Source of code eng
084 ## - COLON CLASSIFICATION NUMBER
Classification number X
Assigning agency DSWL
100 ## - MAIN ENTRY--PERSONAL NAME
Personal name Kahn-Freund, Otto
9 (RLIN) 836291
245 #0 - TITLE STATEMENT
Title Labour relations : Heritage and adjustment
Statement of responsibility, etc. by Otto Kahn-Freund
260 ## - PUBLICATION, DISTRIBUTION, ETC.
Place of publication, distribution, etc. London
Name of publisher, distributor, etc. Oxford
Date of publication, distribution, etc. 1979
300 ## - PHYSICAL DESCRIPTION
Extent 102 p.
365 ## - TRADE PRICE
Price type code INR
Price amount 108.19
925 ## -
-- 108.19
942 ## - ADDED ENTRY ELEMENTS (KOHA)
Koha item type Textual
Classification part X
Holdings
Withdrawn status Lost status Damaged status Not for loan Home library Current library Date acquired Source of acquisition Inventory number Total Checkouts Full call number Barcode Date last seen Price effective from Koha item type
        Department of Social Work Library Department of Social Work Library 2025-09-23 Selection Book Service 471 10/02/1981   X SW0020016 2025-09-23 2025-09-23 Textual
Copyright @ Delhi University Library System